000 00354nam a2200157Ia 4500
008 230711s9999||||xx |||||||||||||| ||und||
041 _aENG
082 _a720
_bTH0H
100 _aThapar,Romila
245 2 _aA history of India
250 _a1st Ed.
260 _c1990
_aNew Delhi
_bPenguin Books
300 _a380
650 _aLiterature
942 _cBK
999 _c3456
_d3456